Kereskedelmi márkák szerepe a Spar Magyarországnál

Bibliographic Details
Main Author: Kalmár Bálint
Other Authors: Mezőné Oravecz Titanilla Éva
Tálos Szilvia
Format: Thesis
Kulcsszavak:Kereskedelmi márka
Spar
Saját márka
Márka
Magyarország
Online Access:http://dolgozattar.uni-bge.hu/18762

MARC

LEADER 00000nta a2200000 i 4500
001 dolg18762
005 20200415063933.0
008 181203suuuu hu om 000 hun d
040 |a BGE Dolgozattár Repozitórium  |b hun 
041 |a hu 
100 1 |a Kalmár Bálint 
245 1 0 |a Kereskedelmi márkák szerepe a Spar Magyarországnál  |c Kalmár Bálint  |h [elektronikus dokumentum] 
695 |a Kereskedelmi márka 
695 |a Spar 
695 |a Saját márka 
695 |a Márka 
695 |a Magyarország 
700 1 |a Mezőné Oravecz Titanilla Éva  |e ths 
700 1 |a Tálos Szilvia  |e ths 
856 4 0 |u http://dolgozattar.uni-bge.hu/18762/1/Szakdolgozat%20Kalma%CC%81r%20Ba%CC%81lint.pdf  |z Dokumentum-elérés 
856 4 0 |u http://dolgozattar.uni-bge.hu/18762/7/HivatalosBejegyzes%20Kalm%C3%A1r%20B%C3%A1lint.pdf  |z Dokumentum-elérés